Central Library OPAC University of Rajshahi

Human Relationsd in Small Industry / (Record no. 2983)

MARC details
000 -LEADER
fixed length control field 00611nam a2200229 a 4500
001 - CONTROL NUMBER
control field 2983
003 - CONTROL NUMBER IDENTIFIER
rucl marc code BD-RjUL
005 - DATE AND TIME OF LATEST TRANSACTION
control field 20211208233644.0
008 - FIXED-LENGTH DATA ELEMENTS--GENERAL INFORMATION
fixed length control field 160622s1954 un |||| |||| 001 0 eng d
035 ## - SYSTEM CONTROL NUMBER
System control number (BD-RjUL)3011
040 ## - CATALOGING SOURCE
Original cataloging agency BD-RjUL
Language of cataloging eng
Transcribing agency BD-RjUL
Modifying agency BD-RjUL
041 ## - LANGUAGE CODE
Language code of text/sound track or separate title eng
082 04 - DEWEY DECIMAL CLASSIFICATION NUMBER
Classification number 331.15
Author mark and year PEH 1954
Edition number 23
100 ## - MAIN ENTRY--PERSONAL NAME
Personal name Perry, John
9 (RLIN) 9500
245 ## - TITLE STATEMENT
Title Human Relationsd in Small Industry /
Statement of responsibility, etc. John Perry
250 ## - EDITION STATEMENT
Edition statement 1st ed.
260 ## - PUBLICATION, DISTRIBUTION, ETC. (IMPRINT)
Place of publication, distribution, etc. London :
Name of publisher, distributor, etc. McGraw-hill,
Date of publication, distribution, etc. 1954,
300 ## - PHYSICAL DESCRIPTION
Pagination xi, 311p. ;
Size 21cm.
500 ## - GENERAL NOTE
General note Includes Index
650 07 - SUBJECT ADDED ENTRY--TOPICAL TERM
Source of heading or term SLSH
Topical term or geographic name as entry element Human Relationsd
9 (RLIN) 9501
942 ## - ADDED ENTRY ELEMENTS (KOHA)
Source of classification or shelving scheme Dewey Decimal Classification
Koha item type Books
Holdings
Lost status Source of classification or shelving scheme Damaged status Not for loan Collection code Permanent Location Current Location Shelving location Date acquired Source of acquisition Cost, normal purchase price Total Checkouts Full call number Date last seen Copy number Koha item type
  Dewey Decimal Classification     Non-fiction Central Library, University of Rajshahi Central Library, University of Rajshahi   03/07/1957 Publishers United 33.12   331.15 PEH 1954 17/12/2013 C-2 Books
  Dewey Decimal Classification     Non-fiction Central Library, University of Rajshahi Central Library, University of Rajshahi   05/11/1956 Publishers United 33.12   331.15 PEH 1954 22/06/2016 C-3 Books